<?xml version="1.0" encoding="UTF-8"?>
<record
    xmlns:xsi="http://www.w3.org/2001/XMLSchema-instance"
    xsi:schemaLocation="http://www.loc.gov/MARC21/slim http://www.loc.gov/standards/marcxml/schema/MARC21slim.xsd"
    xmlns="http://www.loc.gov/MARC21/slim">

  <leader>01127ny  a22002773n 4500</leader>
  <controlfield tag="005">20240305165314.0</controlfield>
  <controlfield tag="008">040416s2003    sp            000 0 spa c</controlfield>
  <datafield tag="035" ind1=" " ind2=" ">
    <subfield code="a">705</subfield>
  </datafield>
  <datafield tag="040" ind1=" " ind2=" ">
    <subfield code="a">UMA.RE</subfield>
    <subfield code="d">vLex</subfield>
  </datafield>
  <datafield tag="040" ind1=" " ind2=" ">
    <subfield code="a">uned</subfield>
    <subfield code="d">vLex</subfield>
  </datafield>
  <datafield tag="080" ind1=" " ind2=" ">
    <subfield code="a">347.6(460)(0.034)</subfield>
  </datafield>
  <datafield tag="090" ind1=" " ind2=" ">
    <subfield code="c">269</subfield>
    <subfield code="d">269</subfield>
  </datafield>
  <datafield tag="100" ind1="1" ind2=" ">
    <subfield code="a">Villagrasa Alcaide, Carlos</subfield>
  </datafield>
  <datafield tag="245" ind1="1" ind2="0">
    <subfield code="a">Criterios de la Audiencia Provincial de Barcelona sobre protecci&#xF3;n de menores</subfield>
    <subfield code="h">[Recurso electr&#xF3;nico]</subfield>
    <subfield code="c">Carlos Villagrasa Alcaide, Yvonne Collado Figueras</subfield>
  </datafield>
  <datafield tag="256" ind1=" " ind2=" ">
    <subfield code="a">Servicio en l&#xED;nea</subfield>
  </datafield>
  <datafield tag="260" ind1=" " ind2=" ">
    <subfield code="a">Barcelona :</subfield>
    <subfield code="b">Cedecs,</subfield>
    <subfield code="c">2003</subfield>
  </datafield>
  <datafield tag="300" ind1=" " ind2=" ">
    <subfield code="a">244 p. ;</subfield>
    <subfield code="c">24</subfield>
  </datafield>
  <datafield tag="490" ind1="1" ind2=" ">
    <subfield code="a">Derecho Civil</subfield>
  </datafield>
  <datafield tag="500" ind1=" " ind2=" ">
    <subfield code="a">La presente obra recoge el comentario de las resoluciones dictadas por la Audiencia Provincial de Barcelona durante el per&#xED;odo 2000-2003 en materia de protecci&#xF3;n de menores</subfield>
  </datafield>
  <datafield tag="700" ind1="1" ind2=" ">
    <subfield code="a">Collado Figueras, Yvonne,</subfield>
    <subfield code="e">coaut</subfield>
  </datafield>
  <datafield tag="710" ind1="1" ind2=" ">
    <subfield code="a">Barcelona (Provincia)</subfield>
    <subfield code="b">Audiencia Provincial</subfield>
  </datafield>
  <datafield tag="740" ind1="0" ind2=" ">
    <subfield code="a">vLex Libros (Servicios en l&#xED;nea)</subfield>
  </datafield>
  <datafield tag="830" ind1=" " ind2="0">
    <subfield code="a">Derecho Civil (Cedecs)</subfield>
  </datafield>
  <datafield tag="856" ind1="4" ind2="0">
    <subfield code="u">https://app.vlex.com/#/sources/proteccion-menores-criterios-ap-barcelona-705</subfield>
  </datafield>
  <datafield tag="942" ind1=" " ind2=" ">
    <subfield code="c">RAA</subfield>
  </datafield>
  <datafield tag="952" ind1=" " ind2=" ">
    <subfield code="0">0</subfield>
    <subfield code="1">0</subfield>
    <subfield code="4">0</subfield>
    <subfield code="7">0</subfield>
    <subfield code="8">VLEX</subfield>
    <subfield code="9">317140</subfield>
    <subfield code="a">BD-UIN</subfield>
    <subfield code="b">BD-UIN</subfield>
    <subfield code="d">2024-03-05</subfield>
    <subfield code="l">0</subfield>
    <subfield code="p">705</subfield>
    <subfield code="r">2024-03-05</subfield>
    <subfield code="w">2024-03-05</subfield>
    <subfield code="y">RAA</subfield>
  </datafield>
  <datafield tag="999" ind1=" " ind2=" ">
    <subfield code="c">158801</subfield>
    <subfield code="d">158801</subfield>
  </datafield>
</record>
